[Event "WM Moskau"]
[Site "?"]
[Date "1985.??.??"]
[Round "21"]
[White "Kasparov, Gary"]
[Black "Karpov, Anatoly"]
[Result "1/2-1/2"]
[WhiteElo "2715"]
[BlackElo "2720"]
[PlyCount "91"]
[EventDate "1985.??.??"]
[Source "www.chesslib.no"]
[SourceDate "2004.05.04"]

1. d4 d5 2. c4 e6 3. Nc3 Be7 4. cxd5 exd5 5. Bf4 c6 6. e3 Bf5 7. g4 Be6 8. h4 Nd7 9. h5 Nh6 10. Be2 Nb6 11. Rc1 Bd6 12. Nh3 Bxf4 13. Nxf4 Bd7 14. Rg1 g5 15. hxg6 hxg6 16. Kd2 Qe7 17. b3 g5 18. Nd3 O-O-O 19. Rh1 f6 20. Qg1 Nf7 21. Qg3 Qd6 22. Qxd6 Nxd6 23. f3 Rdg8 24. Nc5 Kd8 25. Bd3 Bc8 26. Ne2 Na8 27. Bh7 Rf8 28. Rh6 Nc7 29. Ng3 Nf7 30. Rh2 Ne6 31. Nd3 Ng7 32. Rch1 Ke7 33. Nf2 Rd8 34. Bf5 Rxh2 35. Rxh2 Nxf5 36. gxf5 Rh8 37. Rxh8 Nxh8 38. e4 Nf7 39. Ng4 Nd6 40. Ne3 dxe4 41. fxe4 b6 42. b4 Ba6 43. Ng4 Nb5 44. Kd3 Na3+ 45. Kd2 Nb5 46. Kd3 1/2-1/2

[Event "07, WM London"]
[Site "07, WM London"]
[Date "1986.??.??"]
[Round "?"]
[White "Karpov, Anatoly"]
[Black "Kasparov, Gary"]
[Result "1/2-1/2"]
[WhiteElo "2700"]
[BlackElo "2720"]
[PlyCount "85"]
[EventDate "1986.??.??"]
[Source "www.chesslib.no"]
[SourceDate "2004.05.04"]

1. d4 d5 2. c4 e6 3. Nc3 Be7 4. cxd5 exd5 5. Bf4 c6 6. Qc2 g6 7. e3 Bf5 8. Qd2 Nd7 9. f3 Nb6 10. e4 Be6 11. e5 h5 12. Bd3 Qd7 13. b3 Bh4+ 14. g3 Be7 15. Kf2 Bf5 16. Bf1 Kf8 17. Kg2 a5 18. a3 Qd8 19. Nh3 Bxh3+ 20. Kxh3 Kg7 21. Kg2 Nd7 22. Bd3 Nf8 23. Be3 Ne6 24. Ne2 Nh6 25. b4 Qb6 26. b5 c5 27. Nc3 cxd4 28. Bxh6+ Rxh6 29. Nxd5 Qd8 30. Be4 h4 31. Rhf1 hxg3 32. hxg3 Rc8 33. Rh1 Rxh1 34. Rxh1 Bg5 35. f4 Rc5 36. fxg5 Rxd5 37. Bxd5 Qxd5+ 38. Kh2 Qxe5 39. Rf1 Qxb5 40. Qf2 Nxg5 41. Qxd4+ Kg8 42. Qd8+ Kg7 43. Qd4+ 1/2-1/2

[Event "Commonwealth Ch"]
[Site "Mumbai"]
[Date "2003.04.27"]
[Round "10"]
[White "Harikrishna, Penteala"]
[Black "Kasimdzhanov, Rustam"]
[Result "1/2-1/2"]
[WhiteElo "2563"]
[BlackElo "2680"]
[PlyCount "39"]
[EventDate "2003.04.20"]
[Source "Roberto Alvarez"]
[SourceDate "2003.04.28"]

1. d4 d5 2. c4 e6 3. Nc3 Be7 4. cxd5 exd5 5. Bf4 c6 6. Qc2 Bd6 7. Bxd6 Qxd6 8. e3 Ne7 9. Bd3 b6 10. Nf3 Ba6 11. O-O Bxd3 12. Qxd3 O-O 13. Rac1 Nd7 14. Rc2 Qg6 15. Qxg6 hxg6 16. Ne2 f6 17. h4 Kf7 18. Nf4 Rfd8 19. Rfc1 Nf8 20. Ne1 1/2-1/2

[Event "Tilburg"]
[Site "?"]
[Date "1993.??.??"]
[Round "?"]
[White "Speelman, J."]
[Black "Vaganian, R."]
[Result "0-1"]
[WhiteElo "2605"]
[BlackElo "2615"]
[PlyCount "70"]
[EventDate "1993.??.??"]
[Source "ChessBase"]
[SourceDate "1993.10.01"]

1. d4 d5 2. c4 e6 3. Nc3 Be7 4. cxd5 exd5 5. Bf4 c6 6. e3 Bf5 7. Nge2 Nd7 8. h3 h5 9. Nc1 Nb6 10. Bd3 Bxd3 11. Nxd3 Bd6 12. O-O Bxf4 13. exf4 Nf6 14. Re1+ Kf8 15. a4 Nc4 16. Ne5 Nd6 17. b4 g6 18. b5 cxb5 19. axb5 Kg7 20. Ra4 Nf5 21. Qb3 Qb6 22. Nf3 Rhd8 23. Re5 Rac8 24. g3 a6 25. Kg2 axb5 26. Rb4 Qc6 27. Nxb5 Ne4 28. Ng5 Nxg5 29. fxg5 Qc1 30. h4 Rc2 31. Qd3 Ra8 32. Rxf5 gxf5 33. Qxf5 Ra1 34. Qe5+ Kh7 35. g6+ Kxg6 0-1

[Event "Istanbul TUR"]
[Site "?"]
[Date "2003.06.01"]
[Round "3"]
[White "Belov Vl"]
[Black "Zvjaginsev Vadim"]
[Result "1/2-1/2"]
[WhiteElo "2549"]
[BlackElo "2664"]
[PlyCount "91"]
[EventDate "2003.??.??"]
[Source "www.chesslib.no"]
[SourceDate "2004.05.04"]

1. d4 d5 2. c4 e6 3. Nc3 Be7 4. cxd5 exd5 5. Bf4 c6 6. Qc2 g6 7. f3 Bg5 8. Bxg5 Qxg5 9. Qd2 Qxd2+ 10. Kxd2 Ne7 11. e3 Nd7 12. Bd3 Nb6 13. Nge2 Bf5 14. e4 dxe4 15. fxe4 Be6 16. Nf4 Bc4 17. Bxc4 Nxc4+ 18. Kc2 O-O-O 19. b3 Nb6 20. Rad1 f5 21. Ne6 Rde8 22. Kd2 fxe4 23. Nxe4 Nf5 24. N6g5 Re7 25. Rhe1 h6 26. Nf3 Rd8 27. Nc5 Rxe1 28. Kxe1 Nd5 29. Kf2 Rf8 30. Kg1 Re8 31. Rd2 g5 32. Kf2 Nc3 33. g4 Nd6 34. Kg2 Re3 35. Kf2 Re8 36. Kg2 Nde4 37. Nxe4 Rxe4 38. h3 Kc7 39. Ne5 Nd5 40. Nf7 Re6 41. Ne5 Rf6 42. Rf2 Nf4+ 43. Kg3 h5 44. gxh5 Nxh5+ 45. Kg2 Nf4+ 46. Kg3 1/2-1/2

[Event "Sochi"]
[Site "?"]
[Date "1997.??.??"]
[Round "?"]
[White "Aleksandrov, A."]
[Black "Kharitonov, A."]
[Result "0-1"]
[WhiteElo "2660"]
[BlackElo "2540"]
[PlyCount "79"]
[EventDate "1997.??.??"]
[Source "ChessBase"]
[SourceDate "1997.06.01"]

1. d4 d5 2. c4 e6 3. Nc3 Be7 4. cxd5 exd5 5. Bf4 c6 6. e3 Bf5 7. g4 Be6 8. Be5 Nf6 9. g5 Ne4 10. h4 O-O 11. Bd3 Qa5 12. Qc2 Na6 13. Qc1 Nb4 14. Bb1 c5 15. f3 cxd4 16. Bxd4 Ng3 17. Rh2 Nc6 18. Kf2 Nxd4 19. exd4 Bd6 20. Rg2 Nh5 21. Nge2 g6 22. Bd3 Rae8 23. Qd2 Qd8 24. Rh1 f6 25. Qc2 Kg7 26. Ke1 Nf4 27. Nxf4 Bxf4 28. Ne2 fxg5 29. hxg5 Bg8 30. Kd1 Be3 31. Qb3 Qa5 32. Kc2 Rxf3 33. Kb1 Qb6 34. Qa4 Ref8 35. a3 a6 36. Ka2 Qd6 37. Qb3 R8f7 38. Re1 Re7 39. Ng1 Bxg1 40. Rgxg1 0-1

[Event "Moscow 71/416"]
[Site "?"]
[Date "1998.??.??"]
[Round "?"]
[White "Sakaev, Konstantin"]
[Black "Rustemov, Alexander"]
[Result "1-0"]
[WhiteElo "2620"]
[BlackElo "2575"]
[PlyCount "81"]
[EventDate "1998.??.??"]
[Source "ChessBase"]
[SourceDate "1997.10.01"]

1. d4 d5 2. c4 e6 3. Nc3 Be7 4. cxd5 exd5 5. Bf4 c6 6. e3 Bd6 7. Bg3 Ne7 8. Bd3 Bf5 9. Be2 O-O 10. Qb3 Nc8 11. Nf3 Qe7 12. Ne5 Re8 13. O-O f6 14. Nd3 Bxg3 15. hxg3 Nd6 16. Nf4 Kh8 17. g4 Be6 18. Qc2 Nd7 19. Bd3 Bg8 20. Rae1 Nf8 21. f3 Rad8 22. Kf2 g6 23. Rh1 Kg7 24. b3 Nf7 25. Qd2 Qb4 26. Qb2 Re7 27. Nce2 Rde8 28. Ng3 Ng5 29. Qc2 Qd6 30. Bxg6 hxg6 31. Nxg6 Be6 32. Nh5+ Kf7 33. Nhf4 Rd7 34. Rh6 Qc7 35. Reh1 Qa5 36. Nxf8 Rxf8 37. Rxf6+ Ke8 38. Rxf8+ Kxf8 39. Rh5 Ne4+ 40. fxe4 Bxg4 41. Rg5 1-0

[Event "It (Open) Dubai UAE"]
[Site "?"]
[Date "2006.04.25"]
[Round "3"]
[White "Izoria Zviad"]
[Black "Sturua Zurab"]
[Result "1-0"]
[WhiteElo "2647"]
[BlackElo "2524"]
[PlyCount "73"]
[EventDate "2006.??.??"]
[Source "www.chesslib.no"]
[SourceDate "2004.05.04"]

1. d4 d5 2. c4 e6 3. Nc3 Be7 4. cxd5 exd5 5. Bf4 c6 6. Qc2 g6 7. f3 Nf6 8. O-O-O Nh5 9. Bh6 Bg5+ 10. Bxg5 Qxg5+ 11. Kb1 O-O 12. e4 dxe4 13. fxe4 Bg4 14. Be2 Nd7 15. h4 Qf4 16. Nh3 Bxh3 17. Rxh3 Ng3 18. Bf3 Nf6 19. e5 Nfh5 20. Bxh5 Nxh5 21. Ne4 Rad8 22. Qe2 f5 23. Nd6 Rd7 24. Rb3 Rb8 25. Qc4+ Kf8 26. Qc5 b6 27. Qxc6 Rbd8 28. Rf3 Qxh4 29. Rc1 Qxd4 30. Nxf5 Qxe5 31. g4 Rf7 32. Re3 Qf4 33. Re4 Qd2 34. gxh5 gxf5 35. Ree1 Qd6 36. Re8+ Kg7 37. h6+ 1-0

[Event "Tirnavia"]
[Site "Trnava"]
[Date "1988.??.??"]
[Round "?"]
[White "Ftacnik, Lubomir"]
[Black "Boensch, Uwe"]
[Result "1-0"]
[WhiteElo "2570"]
[BlackElo "2575"]
[PlyCount "109"]
[EventDate "1988.03.??"]
[Source "ChessBase"]

1. d4 d5 2. c4 e6 3. Nc3 Be7 4. cxd5 exd5 5. Bf4 c6 6. Qc2 g6 7. e3 Bf5 8. Qd2 h5 9. f3 Bh4+ 10. g3 Bf6 11. e4 Be6 12. e5 Bg7 13. Bd3 Nd7 14. Nge2 Qe7 15. O-O Bh6 16. a3 Kf8 17. b4 Kg7 18. Qc2 Nb6 19. Rfe1 Rc8 20. Na4 Nxa4 21. Qxa4 a6 22. Qc2 Qd8 23. Rac1 Ne7 24. Bxh6+ Rxh6 25. Nf4 Nf5 26. Qf2 Qg5 27. Bxf5 Qxf5 28. Qe3 Rhh8 29. Re2 Kg8 30. Rg2 Rd8 31. h4 Bc8 32. Re1 Re8 33. g4 hxg4 34. fxg4 Qd7 35. h5 g5 36. Nh3 f6 37. Rf1 Qe7 38. Rgf2 Bxg4 39. Rxf6 Rxh5 40. Rg6+ Kh8 41. Nxg5 Rg8 42. Nf7+ Qxf7 43. Rxf7 Rxg6 44. Rf6 Rhg5 45. Kf2 Rxf6+ 46. exf6 Rf5+ 47. Kg3 Rf3+ 48. Qxf3 Bxf3 49. Kxf3 Kh7 50. Kf4 Kg6 51. Ke5 Kf7 52. a4 b6 53. Kd6 b5 54. a5 Kxf6 55. Kxc6 1-0

[Event "Komotini GP"]
[Site "Komotini"]
[Date "1993.??.??"]
[Round "7"]
[White "Graf, Alexander"]
[Black "Sturua, Zurab"]
[Result "1/2-1/2"]
[WhiteElo "2580"]
[BlackElo "2565"]
[PlyCount "65"]
[EventDate "1993.08.??"]
[Source "www.chesslib.no"]
[SourceDate "2004.05.04"]

1. d4 d5 2. c4 e6 3. Nc3 Be7 4. cxd5 exd5 5. Bf4 c6 6. Qc2 g6 7. e3 Bf5 8. Qd2 Nd7 9. f3 Nb6 10. e4 Be6 11. Be3 Nf6 12. e5 Nfd7 13. b3 f6 14. exf6 Bxf6 15. Bd3 O-O 16. Nge2 a5 17. O-O Nc8 18. g4 Re8 19. Rae1 Nd6 20. h3 Bh4 21. Bf2 Bf7 22. f4 Bxf2+ 23. Rxf2 Qe7 24. Kg2 Nf6 25. Rff1 Qe3 26. Qc2 Qe7 27. Qd1 Nfe4 28. Qc1 Qf6 29. Qc2 Nxc3 30. Qxc3 Re3 31. g5 Qe6 32. Ng3 Re8 33. Rxe3 1/2-1/2

[Event "Los Angeles"]
[Site "?"]
[Date "1997.??.??"]
[Round "?"]
[White "Baburin, A."]
[Black "Vaganian, R."]
[Result "1/2-1/2"]
[WhiteElo "2560"]
[BlackElo "2585"]
[PlyCount "35"]
[EventDate "1997.??.??"]
[Source "ChessBase"]
[SourceDate "1997.06.01"]

1. d4 d5 2. c4 e6 3. Nc3 Be7 4. cxd5 exd5 5. Bf4 c6 6. Qc2 Bd6 7. Bg3 Ne7 8. e3 Bf5 9. Qb3 Nc8 10. Nf3 Qb6 11. Be2 Na6 12. O-O Qxb3 13. axb3 Nc7 14. b4 Bxg3 15. hxg3 Nd6 16. Nd2 h5 17. Nb3 a6 18. Nc5 1/2-1/2

[Event "JUG Team Ch"]
[Site "Igalo"]
[Date "1994.??.??"]
[Round "6"]
[White "Mozetic, Dejan"]
[Black "Abramovic, Bosko"]
[Result "1/2-1/2"]
[WhiteElo "2585"]
[BlackElo "2500"]
[PlyCount "103"]
[EventDate "1994.??.??"]
[Source "www.chesslib.no"]
[SourceDate "2004.05.04"]

1. d4 d5 2. c4 e6 3. Nc3 Be7 4. cxd5 exd5 5. Bf4 c6 6. Qc2 g6 7. f3 Be6 8. O-O-O Nd7 9. e4 Nb6 10. Kb1 Bd6 11. Nge2 Bxf4 12. Nxf4 Nf6 13. e5 Nfd7 14. Bd3 Qe7 15. h4 O-O-O 16. Nxe6 fxe6 17. f4 Kb8 18. h5 g5 19. f5 exf5 20. Bxf5 Nf8 21. Rhf1 Ne6 22. Bxe6 Qxe6 23. b3 Qe7 24. Rf5 Rhe8 25. Ne2 Nd7 26. Rdf1 Rf8 27. g4 h6 28. Nc3 Qe6 29. Na4 b6 30. b4 Kb7 31. Ka1 Rfe8 32. Qb3 Ka8 33. Qd3 Re7 34. Qa6 Kb8 35. Qe2 Kb7 36. R1f3 Ra8 37. Rc3 Rc8 38. Qf1 Qg8 39. Ra3 Qe6 40. Nc5+ Nxc5 41. bxc5 bxc5 42. dxc5 Ka8 43. Rb3 Qd7 44. Qa6 Rce8 45. Rf6 Re6 46. Kb2 d4 47. Kc2 Rxf6 48. exf6 Rf8 49. Rf3 Qd5 50. Rb3 Qd7 51. Rf3 Qd5 52. Rb3 1/2-1/2

[Event "Reykjavik op"]
[Site "Reykjavik"]
[Date "1990.??.??"]
[Round "11"]
[White "Petursson, Margeir"]
[Black "Geller, Efim P"]
[Result "1/2-1/2"]
[WhiteElo "2555"]
[BlackElo "2515"]
[PlyCount "58"]
[EventDate "1990.03.??"]
[Source "ChessBase"]

1. d4 d5 2. c4 e6 3. Nc3 Be7 4. cxd5 exd5 5. Bf4 c6 6. Qc2 g6 7. f3 Nf6 8. Bh6 Bf5 9. Qd2 Nbd7 10. e3 Bd6 11. Nge2 Qe7 12. Ng3 O-O-O 13. Nxf5 gxf5 14. O-O-O Ne8 15. g3 Qe6 16. Bg5 f6 17. Bh4 Nb6 18. Qd3 Bb4 19. Bh3 Nd6 20. Rhe1 Kb8 21. a3 Bxc3 22. Qxc3 h5 23. Re2 Qf7 24. b3 Rhe8 25. Rde1 Nbc8 26. Kb2 Kc7 27. Qc2 Qg6 28. Bg2 Qf7 29. Bh3 Qg6 1/2-1/2

[Event "URS-FL"]
[Site "Sverdlovsk"]
[Date "1987.??.??"]
[Round "?"]
[White "Malaniuk, Vladimir P"]
[Black "Timoscenko, Genadij A"]
[Result "1/2-1/2"]
[WhiteElo "2575"]
[BlackElo "2495"]
[PlyCount "51"]
[EventDate "1987.11.??"]
[Source "www.chesslib.no"]
[SourceDate "2004.05.04"]

1. d4 d5 2. c4 e6 3. Nc3 Be7 4. cxd5 exd5 5. Bf4 c6 6. Qc2 Bg4 7. e3 Bh5 8. Bd3 Bg6 9. Nge2 Nf6 10. f3 Bxd3 11. Qxd3 O-O 12. O-O Nbd7 13. Ng3 Re8 14. Rad1 Nf8 15. Nf5 Nh5 16. Be5 f6 17. Bg3 Nxg3 18. Nxg3 Bd6 19. Nf5 Bc7 20. g3 Qd7 21. Kg2 Rad8 22. a3 Kh8 23. Rf2 Ne6 24. f4 Qf7 25. Nh4 Nf8 26. Re2 1/2-1/2

[Event "Copenhagen Open"]
[Site "Copenhagen DEN"]
[Date "1986.??.??"]
[Round "8"]
[White "Chernin, Alexander M"]
[Black "Pigusov, Evgeny A"]
[Result "1-0"]
[WhiteElo "2570"]
[BlackElo "2495"]
[PlyCount "107"]
[EventDate "1986.06.??"]
[Source "www.chesslib.no"]
[SourceDate "2004.05.04"]

1. d4 d5 2. c4 e6 3. Nc3 Be7 4. cxd5 exd5 5. Bf4 c6 6. e3 Bf5 7. g4 Be6 8. h4 Nf6 9. f3 c5 10. Bd3 Nc6 11. Nge2 a6 12. Rc1 Nd7 13. Bg3 O-O 14. Bb1 Re8 15. Kf1 Nf8 16. Kg2 Rc8 17. dxc5 Bxc5 18. Bf2 Ba7 19. Rc2 Qa5 20. Nf4 Ne5 21. Nfxd5 Nc4 22. Re1 Ng6 23. Rce2 Rcd8 24. Bxg6 Bxd5 25. Nxd5 hxg6 26. e4 Bxf2 27. Kxf2 Nb6 28. b4 Qa3 29. Qd4 Nxd5 30. exd5 Rxe2+ 31. Rxe2 a5 32. bxa5 Qxa5 33. d6 Qb5 34. Rd2 Qd7 35. Kg3 Rc8 36. h5 gxh5 37. gxh5 Re8 38. Qg4 Re6 39. Kf2 Kf8 40. a4 Kg8 41. h6 g6 42. Qd4 f6 43. Qg4 Kh7 44. a5 Kxh6 45. Qxe6 Qxe6 46. d7 Qe5 47. d8=Q Qh2+ 48. Kf1 Qh1+ 49. Kf2 Qh2+ 50. Kf1 Qh1+ 51. Ke2 Qg2+ 52. Kd3 Qxf3+ 53. Kc4 Qf4+ 54. Kc5 1-0

[Event "Voronezh RUS"]
[Site "?"]
[Date "2006.06.14"]
[Round "3"]
[White "Bocharov Dmitry"]
[Black "Chebotarev Oleg"]
[Result "0-1"]
[WhiteElo "2559"]
[BlackElo "2493"]
[PlyCount "74"]
[EventDate "2006.??.??"]
[Source "www.chesslib.no"]
[SourceDate "2004.05.04"]

1. d4 d5 2. c4 e6 3. Nc3 Be7 4. cxd5 exd5 5. Bf4 c6 6. e3 Bf5 7. Nge2 Nd7 8. f3 h5 9. e4 dxe4 10. fxe4 Bg6 11. g3 h4 12. Bg2 Ngf6 13. e5 Nh5 14. Be3 Bf5 15. O-O g6 16. Ne4 hxg3 17. hxg3 Nb6 18. N4c3 Qd7 19. Rc1 Nd5 20. Nxd5 cxd5 21. Nc3 Nxg3 22. Nxd5 Nxf1 23. Qxf1 Bd8 24. Rc7 Qa4 25. Rxb7 Rc8 26. Be4 Rh4 27. Bf3 Rh3 28. Nf4 Rg3+ 29. Kh2 Rxf3 30. Qxf3 Qc2+ 31. Ng2 Be7 32. Qd5 Kf8 33. Rxe7 Kxe7 34. Qd6+ Ke8 35. Bg5 Qc7 36. Qf6 Be4 37. Ne3 Qb7 0-1

[Event "Sochi-A"]
[Site "Sochi"]
[Date "1989.??.??"]
[Round "?"]
[White "Razuvaev, Yuri S"]
[Black "Geller, Efim P"]
[Result "1/2-1/2"]
[WhiteElo "2545"]
[BlackElo "2505"]
[PlyCount "30"]
[EventDate "1989.01.??"]
[Source "ChessBase"]

1. d4 d5 2. c4 e6 3. Nc3 Be7 4. cxd5 exd5 5. Bf4 c6 6. Qc2 g6 7. e3 Bf5 8. Qd2 Nd7 9. f3 g5 10. Bg3 Bg6 11. Bd3 Ngf6 12. Nge2 Nh5 13. Bf2 Ng7 14. e4 Nb6 15. O-O O-O 1/2-1/2

[Event "Campionato europeo 2007"]
[Site "Dresda GER"]
[Date "2007.04.03"]
[Round "1.42"]
[White "Riazantsev, Alexander"]
[Black "Sanikidze, Tornike"]
[Result "1-0"]
[WhiteElo "2621"]
[BlackElo "2426"]
[PlyCount "99"]
[EventDate "2007.04.03"]
[Source "www.chesslib.no"]
[SourceDate "2004.05.04"]

1. d4 d5 2. c4 e6 3. Nc3 Be7 4. cxd5 exd5 5. Bf4 c6 6. e3 Bf5 7. g4 Be6 8. h4 Nd7 9. h5 Qb6 10. Rb1 Ngf6 11. f3 h6 12. Bd3 c5 13. Nge2 c4 14. Bc2 Qa5 15. Kf2 b5 16. a3 Qb6 17. b3 cxb3 18. Rxb3 a6 19. Qg1 Rc8 20. Bd3 Qa5 21. Qg3 Ne4+ 22. fxe4 dxe4 23. Nxe4 Bxb3 24. g5 Qb6 25. gxh6 gxh6 26. Qg7 Rf8 27. Bxh6 Bd5 28. Nf4 Bxe4 29. Bxe4 Bf6 30. Nd5 Qd6 31. Qg4 Rh8 32. Bf4 Qe6 33. Nc7+ Rxc7 34. Qxe6+ fxe6 35. Bxc7 Ke7 36. Bb7 e5 37. Bxa6 exd4 38. Bxb5 Ra8 39. a4 Nc5 40. a5 Nb3 41. e4 Rc8 42. e5 Bg5 43. Bd6+ Ke6 44. a6 Be3+ 45. Kg2 Rg8+ 46. Kh3 Nd2 47. a7 Bf4 48. Bc6 Rg3+ 49. Kh4 Kf5 50. Bd7+ 1-0

[Event "Europa ch 2008"]
[Site "Plovdiv BUL"]
[Date "2008.04.26"]
[Round "6.81"]
[White "Stefansson, Hannes"]
[Black "Magalashvili, Davit"]
[Result "1-0"]
[WhiteElo "2583"]
[BlackElo "2462"]
[PlyCount "66"]
[EventDate "2008.04.21"]
[Source "www.chesslib.no"]
[SourceDate "2004.05.04"]

1. d4 d5 2. c4 e6 3. Nc3 Be7 4. cxd5 exd5 5. Bf4 c6 6. e3 Bf5 7. Nge2 Nf6 8. Ng3 Be6 9. Bd3 O-O 10. Qc2 Re8 11. h3 Nbd7 12. Nge2 Nf8 13. g4 Rc8 14. O-O-O b5 15. Kb1 N6d7 16. Bg3 Nb6 17. Nf4 Bd7 18. Bf5 Nc4 19. e4 Bxf5 20. gxf5 Ba3 21. b3 Nb2 22. Rdg1 b4 23. Nh5 bxc3 24. Nxg7 Rxe4 25. Ne6 Nxe6 26. Bh4+ Kf8 27. Bxd8 Rxd8 28. Qxc3 Rb8 29. Qg3 Rb7 30. f3 Re2 31. Qg8+ Ke7 32. Re1 Rxe1+ 33. Rxe1 Rd7 1-0

[Event "Kiev Spring"]
[Site "Kiev"]
[Date "2000.03.26"]
[Round "5"]
[White "Kasparov, Sergey"]
[Black "Malakhatko, Vadim"]
[Result "1-0"]
[WhiteElo "2465"]
[BlackElo "2568"]
[PlyCount "123"]
[EventDate "2000.03.22"]
[Source "ChessBase"]
[SourceDate "2000.07.27"]

1. d4 d5 2. c4 e6 3. Nc3 Be7 4. cxd5 exd5 5. Bf4 c6 6. e3 Bf5 7. h3 Qb6 8. Qd2 Nf6 9. Nge2 O-O 10. f3 Bg6 11. g4 Na6 12. a3 Rfe8 13. Kf2 Qd8 14. Bg3 Nc7 15. h4 h5 16. g5 Nd7 17. Bh3 Nb6 18. b3 Bd6 19. Nf4 Nc8 20. Nxg6 Bxg3+ 21. Kxg3 fxg6 22. Ne2 Ne6 23. Kf2 Qd6 24. Qb4 c5 25. dxc5 Nxc5 26. Rad1 Ne7 27. Nf4 Rad8 28. Qc3 Kh7 29. b4 Na4 30. Qd4 Rg8 31. Ne6 Rc8 32. Nc5 Rxc5 33. bxc5 Nxc5 34. Kg2 Rd8 35. e4 Qc7 36. Rhe1 b6 37. Qd2 d4 38. f4 d3 39. Qe3 Rf8 40. Kg3 Re8 41. Qf3 Nc6 42. Bf5 Rh8 43. Qxh5+ Kg8 44. Qxg6 Kf8 45. Be6 Nd4 46. Bg4 Nc2 47. e5 Nxe1 48. Rxe1 Qe7 49. Rd1 Qd8 50. Bf5 Qd4 51. Qd6+ Qxd6 52. exd6 Kf7 53. Bxd3 Nxd3 54. Rxd3 Ke6 55. d7 Rd8 56. h5 b5 57. Kg4 a5 58. Rb3 b4 59. axb4 axb4 60. Rxb4 Rxd7 61. h6 gxh6 62. Rb6+ 1-0